Finansovyj kontrol' v zdravoochranenii.

Spôsob kontroly v zdravotníctve v podmienkach štátneho monopolu na sociálne služby. Prestavba finančnej kontroly v zdravotníctve Ruska. Plánovanie výdavkov a rozpočtu zdravotníckych zariadení. Porovnávanie finančných a medicínskych ukazovateľov ako nový smer finančnej kontroly. Organizácia auditu v...

ver descrição completa

Na minha lista:
Detalhes bibliográficos
Autor principal: Serdjukova, I.D
Formato: Capítulo de Livro
Idioma:russo
Assuntos:
Tags: Adicionar Tag
Sem tags, seja o primeiro a adicionar uma tag!

MARC

LEADER 00000naa a2200000 4500
001 r012425
005 20221130112846.6
041 0 |a rus 
044 |a RU 
245 1 0 |a Finansovyj kontrol' v zdravoochranenii.  |c I.D. Serdjukova 
520 |a Spôsob kontroly v zdravotníctve v podmienkach štátneho monopolu na sociálne služby. Prestavba finančnej kontroly v zdravotníctve Ruska. Plánovanie výdavkov a rozpočtu zdravotníckych zariadení. Porovnávanie finančných a medicínskych ukazovateľov ako nový smer finančnej kontroly. Organizácia auditu v zdravotníctve. Prechod k systému poistenia v zdravotníctve. 
610 2 0 |a zdravotníctvo 
610 2 0 |a kontrola finančná 
610 2 0 |a audítorstvo 
610 2 0 |a poistenie 
610 2 0 |a Rusko 
610 2 0 |a poistenie zdravotné 
100 1 |a Serdjukova, I.D.